Doing things with information : beyond indexing and abstracting / (Record no. 798)
| 000 -LEADER | |
|---|---|
| fixed length control field | 01121cam a2200301 a 4500 |
| 001 - CONTROL NUMBER | |
| control field | 15165219 |
| 003 - CONTROL NUMBER IDENTIFIER | |
| control field | OSt |
| 005 - DATE AND TIME OF LATEST TRANSACTION | |
| control field | 20140116120838.0 |
| 008 - FIXED-LENGTH DATA ELEMENTS--GENERAL INFORMATION | |
| fixed length control field | 080201s2008 ctua b 001 0 eng |
| 010 ## - LIBRARY OF CONGRESS CONTROL NUMBER | |
| LC control number | 2008003774 |
| 020 ## - INTERNATIONAL STANDARD BOOK NUMBER | |
| International Standard Book Number | 9781591585770 |
| 050 00 - LIBRARY OF CONGRESS CALL NUMBER | |
| Classification number | ZA3075.O26 2008 |
| 100 1# - MAIN ENTRY--PERSONAL NAME | |
| Personal name | O'Connor, Brian Clark. |
| 245 10 - TITLE STATEMENT | |
| Title | Doing things with information : beyond indexing and abstracting / |
| Statement of responsibility, etc | Brian C. O'Connor, Jodi Kearns and Richard L. Anderson. |
| 260 ## - PUBLICATION, DISTRIBUTION, ETC. (IMPRINT) | |
| Place of publication, distribution, etc | Westport, Conn. : |
| Name of publisher, distributor, etc | Libraries Unlimited, |
| Date of publication, distribution, etc | 2008. |
| 300 ## - PHYSICAL DESCRIPTION | |
| Extent | xix, 241 p. : |
| Other physical details | ill. |
| 500 ## - GENERAL NOTE | |
| General note | Updated ed. of: Explorations in indexing and abstracting. 1996. |
| 504 ## - BIBLIOGRAPHY, ETC. NOTE | |
| Bibliography, etc | Includes bibliographical references and index. |
| 650 #0 - SUBJECT ADDED ENTRY--TOPICAL TERM | |
| Topical term or geographic name as entry element | Information retrieval. |
| 650 #0 - SUBJECT ADDED ENTRY--TOPICAL TERM | |
| Topical term or geographic name as entry element | Information storage and retrieval systems |
| General subdivision | Design. |
| 650 #0 - SUBJECT ADDED ENTRY--TOPICAL TERM | |
| Topical term or geographic name as entry element | Indexing. |
| 650 #0 - SUBJECT ADDED ENTRY--TOPICAL TERM | |
| Topical term or geographic name as entry element | Abstracting. |
| 700 1# - ADDED ENTRY--PERSONAL NAME | |
| Personal name | Kearns, Jodi L. |
| 700 1# - ADDED ENTRY--PERSONAL NAME | |
| Personal name | Anderson, Richard L., |
| Dates associated with a name | 1970- |
| 700 1# - ADDED ENTRY--PERSONAL NAME | |
| Personal name | O'Connor, Brian Clark. |
| Title of a work | Explorations in indexing and abstracting. |
| 856 41 - ELECTRONIC LOCATION AND ACCESS | |
| Materials specified | Table of contents only |
| Uniform Resource Identifier | <a href="http://www.loc.gov/catdir/toc/ecip0810/2008003774.html">http://www.loc.gov/catdir/toc/ecip0810/2008003774.html</a> |
| 942 ## - ADDED ENTRY ELEMENTS (KOHA) | |
| Source of classification or shelving scheme | |
| Koha item type | Book |
| Withdrawn status | Lost status | Source of classification or shelving scheme | Damaged status | Not for loan | Home library | Current library | Date acquired | Source of acquisition | Total Checkouts | Full call number | Barcode | Date last seen | Copy number | Price effective from | Koha item type |
|---|---|---|---|---|---|---|---|---|---|---|---|---|---|---|---|
| Riara University Library | Riara University Library | 10/11/2011 | Purchase | ZA3075.O26 2008 | 3068/11 | 10/11/2011 | C.1 | 10/11/2011 | Book | ||||||
| Riara University Library | Riara University Library | 10/11/2011 | Purchase | ZA3075.O26 2008 | 3067/11 | 10/11/2011 | C.2 | 10/11/2011 | Book | ||||||
| Riara University Library | Riara University Library | 10/11/2011 | Purchase | ZA3075.O26 2008 | 3066/11 | 15/03/2014 | C.3 | 10/11/2011 | Book |
